[Event "Mechanics' Fall TNM; 30/90, SD/30"]
[Site "San Francisco"]
[Date "2011.11.22"]
[Round "6.5"]
[White "Krasnov, Steven"]
[Black "Watson, Farid"]
[Result "1-0"]
[WhiteElo "1974"]
[BlackElo "2010"]
[PlyCount "101"]
[EventDate "2011.??.??"]

1. d4 g6 2. Nf3 Bg7 3. c4 d6 4. Nc3 Nf6 5. Bg5 O-O 6. Qd2 Bg4 7. h3 Bf5 8. d5
c6 9. Nd4 Bd7 10. e4 Qa5 11. Be3 Na6 12. a3 Rae8 13. Be2 e6 14. dxc6 bxc6 15.
b4 Qc7 (15... Nxb4 $2 16. Nb3) 16. O-O Nb8 17. Rfd1 Rd8 18. Rac1 e5 19. Nb3 Be6
20. Bg5 Rd7 21. Qe3 Ne8 22. Nd5 Bxd5 23. cxd5 f5 24. dxc6 Re7 25. Bxe7 Qxe7 26.
c7 Nxc7 27. Qxa7 Nd5 28. Qxe7 Nxe7 29. exf5 Nxf5 30. g4 Nd4 31. Nxd4 exd4 32.
b5 Nd7 33. a4 Re8 34. Bf3 Be5 35. Bd5+ Kg7 36. Rc7 Re7 37. Kg2 Kf8 38. a5 Nf6
39. Rc8+ Re8 40. Bb7 Rxc8 41. Bxc8 Nd5 42. b6 d3 43. Kf3 Nf4 44. Ba6 Nxh3 45.
Bxd3 Ng5+ 46. Ke3 Ne6 47. Bc4 Nc5 48. a6 Nd7 49. Rb1 d5 50. Bxd5 Bd6 51. a7 1-0

[Event "Mechanics' Fall TNM; 30/90, SD/30"]
[Site "San Francisco"]
[Date "2011.12.06"]
[Round "8.17"]
[White "Lacounte, Brendan"]
[Black "Campers, Willie"]
[Result "1-0"]
[WhiteElo "1686"]
[BlackElo "1748"]
[Annotator "Donaldson"]
[PlyCount "131"]
[EventDate "2011.??.??"]

1. c4 c5 2. Nc3 Nc6 3. Nf3 Nf6 4. e3 g6 5. d4 cxd4 6. exd4 Bg7 7. Be2 (7. d5)
7... O-O (7... d5) 8. d5 Nb4 9. a3 Na6 10. d6 exd6 11. Qxd6 b6 12. O-O Bb7 13.
Be3 Re8 14. Rad1 Re6 15. Qd2 Qe8 16. Nd4 Rd6 17. Ncb5 Ne4 18. Qc2 Rf6 19. f3
Ng3 20. Bg5 Nxf1 21. Kxf1 Qe5 22. Bxf6 Bxf6 23. g3 Nc5 24. f4 Qe3 25. Qd2 Qe7
26. Bf3 d6 27. Bxb7 Qxb7 28. Qg2 Qxg2+ 29. Kxg2 a6 30. Nc7 Rc8 31. Nd5 Bd8 32.
f5 Kf8 33. Rf1 Nd3 34. b3 Rc5 35. fxg6 hxg6 36. Ne6+ Ke8 37. Nxc5 Nxc5 38. b4
Nd7 39. Re1+ Ne5 40. c5 bxc5 41. bxc5 Kd7 42. cxd6 Kxd6 43. Nb4 a5 44. Rxe5
axb4 45. Re3 bxa3 46. Rxa3 Be7 47. Re3 Bg5 48. Re2 Bf6 49. Kf3 Be5 50. Ke4 Ke6
51. Ra2 f5+ 52. Kf3 Kf6 53. h4 Kg7 54. Ra5 Bd6 55. Rd5 Bb8 56. h5 Kh6 57. Rb5
Bc7 58. Rb7 Be5 59. hxg6 Kxg6 60. Rb6+ Kg5 61. Re6 Bb8 62. Re8 Bc7 63. Rg8+ Kf6
64. Rf8+ Kg6 65. Kg2 Be5 66. Kh3 {This position is drawn but White later
succeeded in winning despite playing the final phase of the game with almost
no time.} 1-0

[Event "Mechanics' Fall TNM; 30/90, SD/30"]
[Site "San Francisco"]
[Date "2011.10.18"]
[Round "1.8"]
[White "Lacounte, Brendan"]
[Black "Gaffagan, Steven"]
[Result "1/2-1/2"]
[WhiteElo "1686"]
[BlackElo "2072"]
[PlyCount "120"]
[EventDate "2011.??.??"]

1. d4 Nf6 2. Nf3 e6 3. Bg5 h6 4. Bf4 c5 5. c3 Be7 6. e3 b6 7. Bd3 Bb7 8. O-O
O-O 9. Nbd2 Nh5 10. Ne5 Nxf4 11. exf4 d6 12. Ng4 g6 13. Nxh6+ Kg7 14. Ng4 cxd4
15. cxd4 Nd7 16. Re1 Nf6 17. Bc4 Rc8 18. Rc1 b5 19. Be2 Rxc1 20. Qxc1 Nxg4 21.
Bxg4 Bf6 22. Bf3 Bxf3 23. Nxf3 Qb6 24. Qc3 Qb7 25. Rc1 Qe4 26. Qe3 Qd5 27. a3
a5 28. Qc3 a4 29. Qc6 Qxc6 30. Rxc6 Rb8 31. h3 Be7 32. Ng5 Rb7 33. Ne4 b4 34.
Ra6 bxa3 35. bxa3 d5 36. Nc5 Rb1+ 37. Kh2 Rb2 38. Kg3 Bxc5 39. dxc5 Rb3+ 40. f3
Rxa3 41. c6 Rc3 42. Rxa4 Rxc6 43. Ra2 Kf6 44. Kf2 Kf5 45. g3 Rc3 46. Rd2 Rb3
47. Ke2 Ra3 48. Kf2 Rb3 49. Ke2 Rb1 50. Kf2 Kf6 51. Kg2 Rc1 52. Kf2 Rc4 53. Ke3
Ke7 54. Rd4 Rc3+ 55. Rd3 Rc2 56. Rd2 Rc1 57. Kf2 Ra1 58. Rc2 Kf6 59. Rd2 Rh1
60. Kg2 Rc1 1/2-1/2

[Event "Mechanics' Fall TNM; 30/90, SD/30"]
[Site "San Francisco"]
[Date "2011.11.08"]
[Round "4.14"]
[White "Lacounte, Brendan"]
[Black "Ledford, Steven"]
[Result "0-1"]
[WhiteElo "1686"]
[BlackElo "1957"]
[PlyCount "108"]
[EventDate "2011.??.??"]

1. d4 d5 2. Nf3 Nf6 3. Bg5 h6 4. Bxf6 exf6 5. e3 Be6 6. Bd3 Bd6 7. Nbd2 c6 8.
c3 Nd7 9. Qc2 a5 10. a4 O-O 11. O-O Re8 12. Rfe1 Nf8 13. b3 Qc7 14. Rac1 Bg4
15. e4 Bf4 16. Rb1 Rad8 17. exd5 cxd5 18. h3 Bh5 19. Nh4 Bg6 20. Nf1 Bh7 21. g3
Bd6 22. Bxh7+ Nxh7 23. Nf5 Ng5 24. Rxe8+ Rxe8 25. h4 Ne4 26. Nxd6 Qxd6 27. Re1
Rc8 28. Re3 f5 29. Nd2 Qf6 30. Nxe4 fxe4 31. Qe2 Qb6 32. Qb5 Qxb5 33. axb5 f5
34. Kf1 g5 35. h5 f4 36. gxf4 gxf4 37. Rh3 f3 38. Rg3+ Kf7 39. Rg6 Rxc3 40. Ke1
Rxb3 41. Rb6 Rb1+ 42. Kd2 Rb2+ 43. Ke1 Re2+ 44. Kf1 Rd2 45. Ke1 Rxd4 46. Rxh6
Rb4 47. Rb6 d4 48. h6 Kg8 49. Rxb7 e3 50. fxe3 dxe3 51. Kd1 e2+ 52. Kd2 Re4 53.
Rg7+ Kh8 54. Rg1 f2 {W time exp} 0-1

[Event "Mechanics' Fall TNM; 30/90, SD/30"]
[Site "San Francisco"]
[Date "2011.11.22"]
[Round "6.22"]
[White "Lacounte, Brendan"]
[Black "Otterbach, Renate"]
[Result "1-0"]
[WhiteElo "1686"]
[BlackElo "854"]
[PlyCount "79"]
[EventDate "2011.??.??"]

1. e4 e5 2. Nf3 Nc6 3. Bc4 Bc5 4. c3 Nf6 5. d3 O-O 6. O-O Na5 7. Nxe5 Nxc4 8.
Nxc4 d6 9. Bg5 Re8 10. Qf3 Bg4 11. Bxf6 Bxf3 12. Bxd8 Be2 13. Bxc7 Re6 14. b4
Bb6 15. Bxb6 axb6 16. Re1 Bxd3 17. Nxb6 Rae8 18. Nd5 Rxe4 19. Rxe4 Rxe4 20. Ne3
d5 21. Nd2 Re5 22. Nf3 Rh5 23. Rd1 Be4 24. Nd2 Bd3 25. Nb3 Be4 26. Nc5 f5 27.
Nxe4 dxe4 28. Rd5 g6 29. g4 Rg5 30. h4 Rxg4+ 31. Nxg4 fxg4 32. Rd7 h5 33. Rxb7
g3 34. fxg3 e3 35. a4 e2 36. Kf2 e1=Q+ 37. Kxe1 Kf8 38. a5 Ke8 39. a6 g5 40. a7
1-0

[Event "Mechanics' Fall TNM; 30/90, SD/30"]
[Site "San Francisco"]
[Date "2011.11.29"]
[Round "7.13"]
[White "Ledford, Steven"]
[Black "Miller, David"]
[Result "1-0"]
[WhiteElo "1957"]
[BlackElo "1777"]
[PlyCount "149"]
[EventDate "2011.??.??"]

1. d4 f5 2. g3 Nf6 3. Bg2 g6 4. Nf3 Bg7 5. O-O O-O 6. c4 d6 7. Qb3 c6 8. d5
cxd5 9. cxd5 Na6 10. Be3 Qa5 11. Ng5 Nc7 12. Nc3 h6 13. Ne6 Nxe6 14. dxe6 Rb8
15. Rfd1 Rd8 16. Nd5 Nxd5 17. Bxd5 b5 18. Rac1 Bb7 19. Bxb7 Rxb7 20. Qd5 Rdb8
21. h4 Qb4 22. h5 Qg4 23. hxg6 Qxg6 24. Rd2 Be5 25. Qf3 Qxe6 26. Qh5 Kh7 27.
Kg2 Rg8 28. Bd4 Bxd4 29. Rxd4 Qg6 30. Qf3 Rd7 31. Rf4 e6 32. Rh1 Qf7 33. e4 Rg5
34. Rfh4 Rg6 35. Qf4 Qf6 36. exf5 exf5 37. Rxh6+ Kg8 38. Rxg6+ Qxg6 39. Rh6 Qg4
40. Qxg4+ fxg4 41. Rg6+ Rg7 42. Rxd6 Kh7 43. f3 gxf3+ 44. Kxf3 Rc7 45. b3 Kg7
46. Ra6 Kf7 47. g4 Re7 48. Kf4 Rd7 49. g5 Rd4+ 50. Ke5 Rd7 51. Ra5 Rb7 52. Kd5
Kg6 53. Kc6 Rb6+ 54. Kc5 Kxg5 55. Rxa7 Rb8 56. Ra5 b4 57. Kc4+ Kf6 58. Ra4 Ke6
59. Rxb4 Ra8 60. a4 Kd6 61. Rb6+ Kc7 62. Kb5 Rg8 63. a5 Rg5+ 64. Ka6 Rf5 65. b4
Rf8 66. Ka7 Rf5 67. b5 Rg5 68. Rb7+ Kc8 69. a6 Rg6 70. b6 Rf6 71. Rc7+ Kd8 72.
Rc4 Rf7+ 73. b7 Kd7 74. b8=Q Ke6+ 75. Rc7 1-0

[Event "Mechanics' Fall TNM; 30/90, SD/30"]
[Site "San Francisco"]
[Date "2011.11.15"]
[Round "5.5"]
[White "Ledford, Steven"]
[Black "Wong, Russell"]
[Result "0-1"]
[WhiteElo "1957"]
[BlackElo "2200"]
[PlyCount "134"]
[EventDate "2011.??.??"]

1. Nf3 d5 2. g3 c5 3. d4 cxd4 4. Bg2 Nc6 5. Nxd4 Nf6 6. Nxc6 bxc6 7. c4 e6 8.
O-O Be7 9. Bf4 O-O 10. Qc2 Ba6 11. Nd2 Nh5 12. Be5 f6 13. Bc3 d4 14. Bxc6 dxc3
15. Bxa8 cxb2 16. Qxb2 Qxa8 17. Rac1 Qc6 18. Qb3 Bb7 19. Qf3 Qxf3 20. Nxf3 Bxf3
21. exf3 Bc5 22. Rfe1 Re8 23. Rb1 Kf7 24. Red1 Re7 25. Rd8 Bb6 26. Rc8 Bd4 27.
c5 f5 28. c6 Bb6 29. c7 Bxc7 30. Rb7 Bb6 31. Rbb8 Nf6 32. Rf8+ Kg6 33. Rfc8 Rd7
34. Rc6 Rd2 35. Rxe6 Rxa2 36. Rexb6 axb6 37. Rxb6 Rd2 38. Ra6 Kf7 39. Ra7+ Nd7
40. Kg2 Ke6 41. Rc7 g6 42. Ra7 Ke5 43. Ra5+ Kd6 44. Ra7 Kc6 45. Ra3 Ne5 46. Ra7
Nd3 47. Rxh7 Rxf2+ 48. Kg1 Rxf3 49. Rh6 Ne5 50. Kg2 Ra3 51. h4 Ra2+ 52. Kf1 Kd5
53. h5 g5 54. Rf6 Ke4 55. h6 Rh2 56. Re6 f4 57. gxf4 gxf4 58. Kg1 Rh5 59. Kf2
Rxh6 60. Re8 Rh2+ 61. Kg1 Rd2 62. Kf1 f3 63. Ke1 Re2+ 64. Kf1 Kf4 65. Rf8+ Kg3
66. Rg8+ Ng4 67. Rg7 Ra2 0-1

[Event "Mechanics' Fall TNM; 30/90, SD/30"]
[Site "San Francisco"]
[Date "2011.11.08"]
[Round "4.1"]
[White "Lee, Andy"]
[Black "Fuentes, Romulo"]
[Result "1-0"]
[WhiteElo "2266"]
[BlackElo "2211"]
[PlyCount "65"]
[EventDate "2011.??.??"]

1. d4 Nf6 2. c4 e6 3. Nc3 c5 4. d5 exd5 5. cxd5 Bd6 6. Nf3 O-O 7. Bg5 Re8 8. e3
h6 9. Bh4 a6 10. Bd3 Bf8 11. Qc2 d6 12. a4 Qe7 13. O-O Nbd7 14. Rae1 Rb8 15.
Nd2 Ne5 16. Bh7+ Kh8 17. f4 Neg4 18. Be4 h5 19. h3 Nh6 20. Bd3 b5 21. axb5 axb5
22. Bxb5 Bd7 23. Bd3 Rb4 24. e4 Reb8 25. Nc4 Qe8 26. e5 dxe5 27. fxe5 Nfg8 28.
e6 fxe6 29. dxe6 Bxe6 30. Ne5 Nf6 31. Bxf6 Rxb2 32. Qc1 gxf6 33. Rxf6 1-0

[Event "Mechanics' Fall TNM; 30/90, SD/30"]
[Site "San Francisco"]
[Date "2011.12.06"]
[Round "8.3"]
[White "Lee, Andy"]
[Black "Gaffagan, Steven"]
[Result "1-0"]
[WhiteElo "2266"]
[BlackElo "2072"]
[PlyCount "75"]
[EventDate "2011.??.??"]

1. e4 c5 2. Nf3 a6 3. Nc3 e6 4. d4 cxd4 5. Nxd4 Qc7 6. Bd3 Bc5 7. Nb3 Be7 8.
O-O Nf6 9. f4 d6 10. Kh1 Nc6 11. Qf3 O-O 12. a3 b5 13. Bd2 Bb7 14. Rae1 b4 15.
axb4 Nxb4 16. Nd4 Nxd3 17. cxd3 Rab8 18. Nce2 d5 19. e5 Nd7 20. Ra1 Qb6 21. Ba5
Qa7 22. b4 Ba8 23. Rfc1 Bxb4 24. Rc7 Rb7 25. Nc6 Rxc7 26. Nxa7 Bxa5 27. Rxa5
Rxa7 28. Nd4 Rc7 29. h4 Rc3 30. Qe3 Nc5 31. Rxc5 Rxc5 32. f5 h6 33. f6 Rfc8 34.
Qg3 g6 35. Nxe6 Rc1+ 36. Kh2 Rb8 37. Qe3 fxe6 38. Qa7 1-0

[Event "Mechanics' Fall TNM; 30/90, SD/30"]
[Site "San Francisco"]
[Date "2011.10.25"]
[Round "2.1"]
[White "Lee, Andy"]
[Black "Krasnov, Steven"]
[Result "1-0"]
[WhiteElo "2266"]
[BlackElo "1974"]
[Annotator "Donaldson"]
[PlyCount "93"]
[EventDate "2011.??.??"]

1. d4 ({One problem with the Philidor is deciding what move order to use.
Traditional methods via 1.e4 e5 have fallen short. For example:} 1. e4 e5 2.
Nf3 d6 3. d4 Nd7 (3... Nf6 4. dxe5 $1 Nxe4 5. Qd5 Nc5 6. Bg5 {
is better for White.}) 4. Bc4 c6 (4... Be7 5. dxe5 dxe5 6. Qd5) (4... Ngf6 5.
dxe5 dxe5 (5... Nxe5 6. Nxe5 dxe5 7. Bxf7+ Kxf7 8. Qxd8 Bb4+ 9. Qd2 Bxd2+ 10.
Nxd2) 6. Ng5) 5. O-O Be7 6. dxe5 dxe5 (6... Nxe5 $2 7. Nxe5 dxe5 8. Qh5) 7. Ng5
Bxg5 8. Qh5 {and White recovers the piece with the bishop pair providing him a
small but pleasant advantage. Nowdays the Philidor is reached much more
commonly via 1...d6.}) 1... d6 2. e4 Nf6 3. Nc3 Nbd7 (3... e5 {is perhaps even
a better way to play for those who don't mind allowing White the possibility
of trading queens. After} 4. dxe5 dxe5 5. Qxd8+ Kxd8 6. Bc4 {
Black can choose between} Be6 (6... Ke8 {and}) (6... Bb4 {
all of which have high level GM backing.})) 4. Nf3 (4. f4) (4. Be3 {and}) (4.
g4 {are more aggressive attempts to try to exploit Black's opening move order.}
) 4... e5 5. Bc4 Be7 {Diagram #} 6. Bxf7+ $6 (6. O-O O-O {is the main tabiya
or starting point for the Philidor. The text is best explained by knowing that
Andy thought that Steven's move order was bad and that he should be able to
exploit it - hence the text. The bishop sacrifice leads to interesting play
but objectively Black should be doing fine. Andy was quite surprised to learn
after the game that it was he and not Steven who was taking the game into
less-charted territory.}) 6... Kxf7 7. Ng5+ Kg8 8. Ne6 Qe8 9. Nxc7 Qg6 {
Diagram #} 10. O-O ({The greedy capture} 10. Nxa8 {allows} Qxg2 11. Rf1 exd4
12. Qxd4 Ne5 {when Black's pieces are extremely active. For example:} 13. f4
Nfg4 14. fxe5 (14. Qd5+ Nf7 15. Qc4 Bh4+ 16. Kd1) 14... Bh4+ {winning.}) 10...
Rb8 11. f4 {The most natural move. Andy wants to activate his queen bishop and
open the f-line for his rook.} exf4 {
This move seemingly allows White to realize all his plans. One might think that
} (11... exd4 {and if} 12. Qxd4 {then} d5 {was better but Steven has correctly
judged that his move (11...exf4) offers more possibilities.}) 12. Bxf4 Nb6 13.
e5 Bg4 14. Qe1 {Diagram #} Nh5 $6 (14... dxe5 15. dxe5 Nh5 {
was much stronger, denying White the opportunity to capture on d6.}) 15. N3d5
Nxd5 16. Nxd5 Re8 $2 (16... Bf8 $1) 17. exd6 $1 Bf8 18. Be5 h6 19. Rxf8+ $1
Kxf8 20. Qb4 $1 a5 {Diagram #} 21. Qxb7 $4 (21. Qb3 $1 {was killing.}) 21...
Bf3 $1 22. Nf4 Bxb7 $4 (22... Qxg2+ $1 23. Nxg2 Bxb7 {
leaves White a rook down for an insufficient number of pawns.}) 23. Nxg6+ {
And now White is winning! Black gets no more chances.} Kg8 24. Rf1 Kh7 25. Nxh8
Rxh8 26. Rf7 Bd5 27. Ra7 Kg6 28. Rxa5 {Diagram # Five passed pawns on the
queenside is way too much for Black to handle.} Be6 29. b3 Nf6 30. Bxf6 Kxf6
31. c4 Rd8 32. Ra6 Bc8 33. Ra8 Ke6 34. c5 Re8 35. Ra7 Rg8 36. Kf2 g5 37. Ke3 h5
38. Ke4 Re8 39. d5+ Kf6+ {Diagram #} 40. Re7 $1 Rxe7+ 41. dxe7 Kxe7 42. Ke5 Ba6
43. c6 Bf1 44. g3 Bd3 45. b4 Bb5 46. d6+ Kd8 47. Kd5 1-0

[Event "Mechanics' Fall TNM; 30/90, SD/30"]
[Site "San Francisco"]
[Date "2011.11.29"]
[Round "7.2"]
[White "Lee, Andy"]
[Black "Manvelyan, Hayk"]
[Result "0-1"]
[WhiteElo "2266"]
[BlackElo "2202"]
[PlyCount "62"]
[EventDate "2011.??.??"]

1. d4 Nf6 2. c4 d6 3. Nc3 Nbd7 4. Nf3 e5 5. g3 Be7 6. Bg2 O-O 7. O-O c6 8. Qc2
Re8 9. b3 Bf8 10. Bb2 e4 11. Ng5 e3 12. fxe3 h6 13. Nxf7 Kxf7 14. Qh7 Be7 15.
b4 Nf8 16. Qd3 Kg8 17. e4 Be6 18. Kh1 Qd7 19. c5 d5 20. e5 N6h7 21. e4 dxe4 22.
Nxe4 Bd5 23. h4 Qe6 24. Qe3 g5 25. Kh2 gxh4 26. Bh3 hxg3+ 27. Nxg3 Qg6 28. Bf5
Qg5 29. Rf4 Ng6 30. Bxg6 Qxg6 31. Rg1 Bg5 0-1

[Event "Mechanics' Fall TNM; 30/90, SD/30"]
[Site "San Francisco"]
[Date "2011.11.15"]
[Round "5.1"]
[White "Lee, Andy"]
[Black "Winslow, Elliott"]
[Result "0-1"]
[WhiteElo "2266"]
[BlackElo "2421"]
[Annotator "Donaldson"]
[PlyCount "82"]
[EventDate "2011.??.??"]

1. d4 d5 2. c4 e6 3. Nc3 Be7 4. cxd5 exd5 5. Bf4 Nf6 6. e3 O-O 7. Bd3 c5 8.
Nge2 Nc6 9. O-O Be6 10. dxc5 Bxc5 11. Nb5 Rc8 12. Rc1 Qb6 13. Rxc5 Qxc5 14. Bd6
Qb6 15. Bxf8 Kxf8 16. Qa4 a6 17. Qa3+ Kg8 18. Nbd4 Ne5 19. Nf4 Nc4 20. Bxc4
dxc4 21. Ndxe6 fxe6 22. Qc3 Qd6 23. Qc2 e5 24. Rd1 Qc6 25. Ne2 g6 26. Qc3 Qc5
27. b4 $6 Qe7 28. a3 b5 29. f3 Kf7 30. Kf2 Rc7 31. Qc2 e4 32. Nc3 $2 (32. Qc3
$15) 32... exf3 33. Kxf3 (33. gxf3 Qe5) 33... Qe5 34. g4 Kg7 35. Rd4 h5 36. h3
Re7 37. Nd1 h4 38. Qf2 g5 39. Kg2 Rf7 40. Qf5 Qg3+ 41. Kf1 Nd5 0-1

[Event "Mechanics' Fall TNM; 30/90, SD/30"]
[Site "San Francisco"]
[Date "2011.11.08"]
[Round "4.17"]
[White "Litowsky, Daniel"]
[Black "Henry, Joseph"]
[Result "0-1"]
[WhiteElo "1700"]
[BlackElo "1287"]
[PlyCount "38"]
[EventDate "2011.??.??"]

1. e4 c5 2. Nc3 Nc6 3. Bc4 d6 4. a3 Nf6 5. h3 g6 6. Nf3 Bg7 7. d3 O-O 8. O-O a6
9. Ne2 h6 10. c3 b5 11. Bb3 Qc7 12. Ng3 Na5 13. Ba2 c4 14. Nh2 Bb7 15. Ng4 Nxg4
16. Qxg4 Nb3 17. Bxb3 cxb3 18. f4 h5 19. Qh4 $4 Bf6 0-1

[Event "Mechanics' Fall TNM; 30/90, SD/30"]
[Site "San Francisco"]
[Date "2011.10.25"]
[Round "2.10"]
[White "Litowsky, Daniel"]
[Black "Winslow, Elliott"]
[Result "0-1"]
[WhiteElo "1700"]
[BlackElo "2421"]
[PlyCount "62"]
[EventDate "2011.??.??"]

1. e4 c5 2. Nc3 d6 3. Bc4 Nc6 4. a3 g6 5. h3 Bg7 6. Nf3 e6 7. d3 Nge7 8. O-O
O-O 9. Be3 $2 d5 10. exd5 exd5 11. Re1 dxc4 12. Bxc5 cxd3 13. cxd3 b6 14. Be3
h6 15. Qd2 Kh7 16. Rad1 Be6 17. Ne2 Nd5 18. Nc3 Nxe3 19. fxe3 Qc7 20. Ne4 Rad8
21. Qf2 Qe7 22. d4 f5 23. Ng3 Bd5 24. Kh2 Qd6 25. h4 f4 26. exf4 Bxf3 27. Qxf3
Rxf4 28. Qd3 Rxh4+ 29. Kg1 Bxd4+ 30. Kf1 Rf8+ 31. Ke2 Rf2# 0-1

[Event "Mechanics' Fall TNM; 30/90, SD/30"]
[Site "San Francisco"]
[Date "2011.11.22"]
[Round "6.19"]
[White "Malvar, Melchor"]
[Black "Campers, Willie"]
[Result "0-1"]
[WhiteElo "1574"]
[BlackElo "1748"]
[PlyCount "32"]
[EventDate "2011.??.??"]

1. Nf3 c5 2. b3 Nc6 3. Bb2 Nf6 4. g3 d5 5. Bg2 Bf5 6. O-O Qc8 7. Re1 Bh3 8. Bh1
Qf5 9. Nh4 Qg5 10. f4 Qh6 11. Nc3 e6 12. Nb5 Rc8 13. d3 a6 14. Nc3 Bd6 15. e4
Bxf4 16. exd5 Be3+ 0-1

[Event "Mechanics' Fall TNM; 30/90, SD/30"]
[Site "San Francisco"]
[Date "2011.12.13"]
[Round "9.15"]
[White "Malvar, Melchor"]
[Black "Ganem, Paul"]
[Result "1/2-1/2"]
[WhiteElo "1574"]
[BlackElo "1845"]
[PlyCount "72"]
[EventDate "2011.??.??"]

1. Nf3 c5 2. g3 Nc6 3. e4 g6 4. Bg2 Bg7 5. O-O e6 6. Re1 d6 7. Nc3 Nge7 8. d3
O-O 9. Ne2 e5 10. c3 f5 11. Qb3+ Kh8 12. Ng5 Qe8 13. Ne6 Bxe6 14. Qxe6 Rf6 15.
Qb3 Qf8 16. Bg5 Rf7 17. exf5 Rxf5 18. Be3 Rb8 19. Be4 Rf7 20. Rf1 Na5 21. Qc2
b6 22. Qd2 d5 23. Bg2 Rd8 24. Qc2 Qe8 25. Bg5 h6 26. Bd2 Nac6 27. Rae1 b5 28.
Qc1 Qf8 29. f4 exf4 30. Rxf4 g5 31. Rxf7 Qxf7 32. Rf1 Qg6 33. Qb1 Ne5 34. d4
Qxb1 35. Rxb1 Nc4 36. Bc1 cxd4 1/2-1/2

[Event "Mechanics' Fall TNM; 30/90, SD/30"]
[Site "San Francisco"]
[Date "2011.11.08"]
[Round "4.28"]
[White "Malvar, Melchor"]
[Black "Nelson, Christopher"]
[Result "1-0"]
[WhiteElo "1574"]
[BlackElo "1537"]
[PlyCount "67"]
[EventDate "2011.??.??"]

1. b4 e6 2. Bb2 f5 3. b5 Nf6 4. Nf3 b6 5. d3 Bb7 6. Nbd2 Be7 7. e3 O-O 8. Be2
Qe8 9. c4 d6 10. O-O Qg6 11. Nh4 Qh6 12. g3 g5 13. Ng2 Qh3 14. e4 Nbd7 15. f3
fxe4 16. fxe4 d5 17. cxd5 exd5 18. e5 d4 19. Ne4 Nxe5 20. Rxf6 Bxf6 21. Qb3+
Kg7 22. Rf1 Rad8 23. Bc1 Bxe4 24. dxe4 d3 25. Bd1 Ng4 26. Bxg4 Bd4+ 27. Be3
Bxe3+ 28. Nxe3 Rxf1+ 29. Nxf1 Qxg4 30. Qc3+ Kg6 31. Qc6+ Kh5 32. Ne3 Qd7 33.
g4+ Kh4 34. Qh6# 1-0

[Event "Mechanics' Fall TNM; 30/90, SD/30"]
[Site "San Francisco"]
[Date "2011.10.18"]
[Round "1.12"]
[White "Malvar, Melchor"]
[Black "Watson, Farid"]
[Result "0-1"]
[WhiteElo "1574"]
[BlackElo "2010"]
[PlyCount "120"]
[EventDate "2011.??.??"]

1. Nf3 g6 2. c4 Bg7 3. e3 Nf6 4. d4 d6 5. Nc3 O-O 6. Be2 c6 7. O-O Qc7 8. b4 e5
9. Bb2 Re8 10. Rc1 a6 11. Qb3 Nbd7 12. Rfd1 b6 13. a4 c5 14. Nd5 Qb8 15. dxc5
dxc5 16. Ba3 Qa7 17. Nd2 Rb8 18. e4 a5 19. b5 Nf8 20. Qf3 N6d7 21. Nf1 Ne6 22.
Qh3 Nd4 23. Qe3 Nf6 24. Ng3 Nxd5 25. cxd5 Qc7 26. Bc4 Qd6 27. Rc3 Bd7 28. Bc1
Rbd8 29. h4 Rf8 30. h5 Bg4 31. f3 Bxh5 32. Nxh5 gxh5 33. Qg5 Qg6 34. Qxg6 hxg6
35. Be3 Rd6 36. Bxd4 exd4 37. Rcd3 Be5 38. Rf1 g5 39. g4 h4 40. Kg2 Kg7 41. Kh3
Kf6 42. Rdd1 Bf4 43. Rd3 Ke5 44. Rdd1 Rf6 45. Rd3 Rd8 46. Rf2 Rdd6 47. Rf1 Be3
48. Rdd1 Rf4 49. Be2 Rdf6 50. Kg2 Kd6 51. Rh1 c4 52. Bxc4 Rxf3 53. Rhf1 Rf2+
54. Rxf2 Rxf2+ 55. Kh1 Ke5 56. Rf1 Rxf1+ 57. Bxf1 Kxe4 58. d6 Bf4 59. Bg2+ Ke3
60. d7 Bc7 0-1

[Event "Mechanics' Fall TNM; 30/90, SD/30"]
[Site "San Francisco"]
[Date "2011.11.15"]
[Round "5.2"]
[White "Manvelyan, Hayk"]
[Black "Goins, Demetrius"]
[Result "*"]
[WhiteElo "2202"]
[BlackElo "2084"]
[Annotator "Donaldson"]
[PlyCount "51"]
[EventDate "2011.??.??"]

1. d4 d5 2. Nf3 Nf6 3. c4 e6 4. Nc3 Be7 5. Bf4 O-O 6. e3 b6 7. Bd3 Bb7 8. O-O
Nh5 $6 9. Bg3 Nxg3 10. hxg3 Nd7 11. cxd5 exd5 12. Qb3 Nf6 13. Rac1 Re8 14. Ne5
a6 15. e4 Bd6 16. Nxd5 Bxd5 17. exd5 Bxe5 18. dxe5 Rxe5 19. Rfd1 Rxd5 $2 {
Diagram #} 20. Be4 $1 c6 (20... Nxe4 21. Rxd5 Qf6 22. Rc2 Nc5 23. Qc3 $16) 21.
Bxd5 cxd5 22. Rc6 b5 23. Qa3 a5 24. Qc5 Qd7 25. Rc1 h6 26. Rc8+ *

[Event "Mechanics' Fall TNM; 30/90, SD/30"]
[Site "San Francisco"]
[Date "2011.12.13"]
[Round "9.2"]
[White "Manvelyan, Hayk"]
[Black "Grey, Peter"]
[Result "1-0"]
[WhiteElo "2202"]
[BlackElo "2000"]
[PlyCount "91"]
[EventDate "2011.??.??"]

1. d4 Nf6 2. c4 g6 3. Nc3 d5 4. Nf3 Bg7 5. e3 O-O 6. Qb3 c6 7. Bd2 e6 8. Rc1
Nbd7 9. cxd5 exd5 10. Bd3 Re8 11. O-O Ne4 12. Qc2 Qe7 13. Be1 Nf8 14. b4 a6 15.
a4 Nd6 16. b5 axb5 17. axb5 Bf5 18. Bxf5 Nxf5 19. bxc6 bxc6 20. Na4 Qa7 21. Nc5
Nd6 22. Bb4 Nc4 23. Nd2 Nxd2 24. Qxd2 Nd7 25. Nxd7 Qxd7 26. Rc2 Ra6 27. Rfc1
Rc8 28. h3 Qb7 29. Bc5 Qa8 30. Rb2 Ra1 31. Rxa1 Qxa1+ 32. Kh2 Qa8 33. Qb4 Bf8
34. Bxf8 Rxf8 35. Qc5 Rb8 36. Rc2 Rc8 37. e4 Rd8 38. e5 Rc8 39. Rc3 Qa2 40. Rf3
Qa4 41. Qe7 Rf8 42. Rf6 Qxd4 43. e6 Qe5+ 44. f4 Qb8 45. Rxf7 Rxf7 46. exf7+ 1-0

[Event "Mechanics' Fall TNM; 30/90, SD/30"]
[Site "San Francisco"]
[Date "2011.12.06"]
[Round "8.2"]
[White "Manvelyan, Hayk"]
[Black "Shakhnazarov, Oleg"]
[Result "1-0"]
[WhiteElo "2202"]
[BlackElo "2159"]
[PlyCount "55"]
[EventDate "2011.??.??"]

1. d4 e6 2. c4 d5 3. Nc3 Be7 4. Nf3 c6 5. Bf4 Nd7 6. e3 Ngf6 7. c5 h6 8. h3 b6
9. b4 bxc5 10. bxc5 Qa5 11. Qd2 g5 12. Bh2 Bd8 13. Ne5 Nxe5 14. Bxe5 Rg8 15.
Bd3 Nd7 16. Bg3 f5 17. O-O Nf6 18. f3 f4 19. Bh2 fxe3 20. Qxe3 Bc7 21. Rae1
Bxh2+ 22. Kxh2 Qc7+ 23. Kg1 Kf7 24. f4 Bd7 25. fxg5 Rxg5 26. h4 Rg3 27. Qxh6
Rag8 28. Qxf6+ 1-0

[Event "Mechanics' Fall TNM; 30/90, SD/30"]
[Site "San Francisco"]
[Date "2011.11.08"]
[Round "4.3"]
[White "Manvelyan, Hayk"]
[Black "Watson, Farid"]
[Result "1-0"]
[WhiteElo "2202"]
[BlackElo "2010"]
[PlyCount "65"]
[EventDate "2011.??.??"]

1. f4 g6 2. Nf3 Bg7 3. c3 d6 4. e4 e5 5. Bc4 Nd7 6. O-O Nh6 7. fxe5 dxe5 8. d4
O-O 9. Qb3 exd4 10. cxd4 Nb6 11. Bg5 Qe8 12. Nc3 Nxc4 13. Qxc4 c6 14. Rad1 Kh8
15. h3 f6 16. Bf4 Qe7 17. d5 Bd7 18. Rfe1 Nf7 19. Kh1 Rfe8 20. Qb3 b6 21. dxc6
Bxc6 22. Nd5 Bxd5 23. exd5 Qd7 24. Re6 Ne5 25. Bxe5 fxe5 26. Re1 Rxe6 27. dxe6
Qd6 28. Ng5 Qd2 29. Nf7+ Kg8 30. Rd1 Qf2 31. e7 Bf6 32. Nd6+ Kg7 33. e8=Q 1-0